Statistics for 2009年度上半期のプライム帯テレビ番組

Click here to take the quiz!

General Stats

  • This quiz has been taken 76 times
  • The average score is 62 of 162

Answer Stats

テレビ局曜日時間Answer% Correct
19時台ドラえもん
83%
クレヨンしんちゃん
81%
21時台 | 22時台金曜ロードショー
77%
19時台ポケットモンスター ダイヤモンド・パール
77%
21時台 | 22時台土曜ワイド劇場
77%
こちら葛飾区亀有公園前派出所(8月~)
77%
20時台京都地検の女(第5シリーズ)(~6月)
75%
21時台臨場(~6月)
75%
21時台婚カツ!(~6月)
75%
新・警視庁捜査一課9係(7月~)
75%
科捜研の女(Season 9)(7月~)
75%
21時台 | 22時台月曜ゴールデン
73%
21時台 | 22時台金曜プレステージ
73%
21時台必殺仕事人2009(~6月)
73%
救命病棟24時(8月~)
73%
水戸黄門 第40部(7月~)
73%
20時台ゴッドハンド輝(~5月)
73%
21時台アタシんちの男子(~6月)
73%
22時台白い春(~6月)
73%
21時台ぼくの妹(~6月)
73%
22時台アイシテル-海容-(~6月)
73%
22時台スマイル(~6月)
73%
21時台夫婦道(~6月)
73%
21時台夜光の階段(~6月)
73%
21時台ザ・クイズショウ(~6月)
73%
官僚たちの夏(7月~)
73%
となりの芝生(7月~)
73%
華麗なるスパイ(7月~)
73%
20時台ハンチョウ〜神南署安積班〜(~7月)
73%
ブザー・ビート〜崖っぷちのヒーロー〜(7月~)
73%
恋して悪魔〜ヴァンパイア☆ボーイ〜(7月~)
73%
任侠ヘルパー(7月~)
73%
赤鼻のセンセイ(7月~)
73%
ダンディ・ダディ?〜恋愛小説家・伊崎龍之介〜(7月~)
73%
コールセンターの恋人(7月~)
73%
オルトロスの犬(7月~)
73%
22時台BOSS(~6月)
73%
MR.BRAIN(5月~7月)
73%
NARUTO疾風伝
73%
イナズマイレブン
71%
テレビ朝日19時台報道発 ドキュメンタリ宣言
69%
19時台毎日かあさん
69%
22時台報道ステーション
69%
ヒカルの碁セレクション
69%
テレビ東京19時台リロ・アンド・スティッチ ザ・シリーズ
69%
22時台情報7daysニュースキャスター
69%
22時台サキヨミLIVE
69%
TBS月 | 木 | 水 | +2 others19時台総力報道!THE NEWS
69%
21時台 | 22時台日曜洋画劇場
65%
21時台 | 22時台土曜プレミアム
65%
21時台 | 22時台水曜シアター9
62%
フジテレビ19時台ネプリーグ
52%
20時台ミュージックステーション
46%
20時台世界の果てまでイッテQ!
42%
20時台はねるのトびら
40%
19時台ザ!鉄腕!DASH!!
40%
22時台SMAP×SMAP
40%
22時台エンタの神様
38%
21時台行列のできる法律相談所
38%
20時台クイズプレゼンバラエティー Qさま!!
38%
21時台人生が変わる1分間の深イイ話
37%
20時台めちゃ×2イケてるッ!
37%
19時台爆笑レッドカーペット
35%
19時台珍衝撃映像バラエティ ナニコレ珍百景
35%
22時台ダウンタウンDX
35%
20時台ぐるぐるナインティナイン
33%
21時台日立 世界・ふしぎ発見!
33%
21時台とんねるずのみなさんのおかげでした
31%
22時台しゃべくり007
29%
20時台1億人の大質問!?笑ってコラえて!
29%
20時台踊る!さんま御殿!!
27%
20時台世界一受けたい授業
27%
21時台開運!なんでも鑑定団
27%
19時台天才!志村どうぶつ園
27%
22時台リンカーン
25%
20時台世界まる見え!テレビ特捜部
25%
21時台中居正広の金曜日のスマたちへ
23%
22時台おしゃれイズム
23%
20時台奇跡体験!アンビリバボー
23%
21時台ザ!世界仰天ニュース
23%
19時台いきなり!黄金伝説。
21%
21時台ロンドンハーツ
21%
21時台秘密のケンミンSHOW
21%
21時台ザ・ベストハウス123
19%
19時台クイズ!ヘキサゴンII
19%
21時台出没!アド街ック天国
17%
22時台爆笑レッドシアター
15%
20時台大改造!!劇的ビフォーアフター
15%
日本テレビ月 | 木 | 水 | +2 others19時台サプライズ
15%
20時台HEY!HEY!HEY!
15%
20時台ぴったんこカン・カン
13%
20時台うたばん
13%
19時台ゲーム&クイズバラエティ ペケ×ポン
13%
20時台和風総本家
12%
19時台熱血!平成教育学院
12%
20時台太田光の私が総理大臣になったら…秘書田中
10%
21時台所さんの学校では教えてくれないそこんトコロ!
10%
21時台ザ・イロモネア
10%
19時台 | 20時台カスペ!
10%
22時台ガイアの夜明け
10%
中井正広のブラックバラエティ
10%
22時台カンブリア宮殿
10%
20時台関口宏の東京フレンドパークII
10%
20時台ジャンクSPORTS
10%
19時台さんまのスーパーからくりTV
10%
22時台ひみつの嵐ちゃん!
8%
22時台美の巨人たち
8%
21時台やりすぎコージー
8%
20時台今すぐ使える豆知識 クイズ雑学王
6%
20時台いい旅・夢気分
6%
19時台 | 20時台土曜スペシャル
6%
20時台 | 21時台日曜ビッグバラエティ
6%
20時台最終警告!たけしの本当は怖い家庭の医学
6%
21時台ビートたけしのTVタックル
6%
20時台 | 21時台バラエティーニュース キミハ・ブレイク
4%
21時台エチカの鏡〜ココロにキクTV〜
4%
20時台チャンピオンズ~達人のワザが世界を救う~
2%
20時台水曜ノンフィクション 関口宏モトをたどれば(6月で終了、以降つなぎ番組)
2%
22時台ルビコンの決断
0%
21時台決着!歴史ミステリー
0%
19時台ペット大集合!ポチたま
0%
19時台田舎に泊まろう!
0%
22時台たけしのニッポンのミカタ!
0%
19時台全国一斉!日本人テスト
0%
19時台 | 20時台火曜エンタテイメント!
0%
19時台大人のソナタ
0%
19時台 | 20時台サタスペ!
0%
19時台学べる!!ニュースショー!
0%
20時台ホンネの殿堂!!紳助にはわかるまいっ
0%
22時台地球感動配達人 走れ!ポストマン
0%
19時台キズナ食堂
0%
22時台ソロモン流
0%
22時台クメピポ! 絶対あいたい1001人(7月で終了、以降つなぎ番組)
0%
20時台世界を変える100人の日本人! JAPAN☆ALLSTARS
0%
22時台魔女たちの22時
0%
21時台誰も知らない泣ける歌(5月で終了、以降つなぎ番組)
0%
ミューズの晩餐 My Song, My Life
0%

Score Distribution

Percentile by Number Answered

Percent of People with Each Score

Your Score History

You have not taken this quiz